000 00826nam a22002177a 4500
003 DO-SdBNP
005 20250116094743.0
008 110301s2021 dr acd 000 0 spa d
020 _a9789945929546
040 _aDO-SdBNP
_bspa
_cBNPHU
082 4 _axxxx
_bM152e
100 1 _aMacías Hernández, José Miguel
_953018
245 1 0 _aEstudio descriptivo-exploratorio sobre el mercado laboral en el sector agrícola y su necesidad de mano de obra extranjera /
_cJosé Miguel Macías Hernández ; presentación Wilfredo Lozano
260 _aSanto Domingo :
_bInstituto Nacional de Migración,
_c2021.
300 _a101 p. :
_bil., retr., graf.
_c23 cm.
504 _aBibliografía p: 99-101
590 _aInventariado, 2022/ YL
700 1 2 _aLozano, Wilfredo
_d1950-
_epres.
_981507
910 _aYLockward
942 _2ddc
_cLBS1
999 _c51588
_d51588